BSOP header

Introduction to the Bible / (Record no. 13053)

MARC details
000 -LEADER
fixed length control field 00754nam a2200217 4500
008 - FIXED-LENGTH DATA ELEMENTS--GENERAL INFORMATION
fixed length control field 021009s1959 us eng
090 #0 - LOCALLY ASSIGNED LC-TYPE CALL NUMBER (OCLC); LOCAL CALL NUMBER (OCLC)
Classification number (OCLC) (R) ; Classification number, CALL (RLIN) (NR) BS491.2
Local cutter number (OCLC) ; Book number/undivided call number, CALL (RLIN) B47lb
100 1# - MAIN ENTRY--PERSONAL NAME
Personal name Foreman, Kenneth J.
245 10 - TITLE STATEMENT
Title Introduction to the Bible /
Statement of responsibility, etc Kenneth J. Foreman, Balmer H. Kelly, Arnold B. Rhodes, Bruce M. Metzger and Donald G. Miller.
260 ## - PUBLICATION, DISTRIBUTION, ETC. (IMPRINT)
Place of publication, distribution, etc Virginia :
Name of publisher, distributor, etc John Knox Press,
Date of publication, distribution, etc c1959.
300 ## - PHYSICAL DESCRIPTION
Extent 171 p.
490 1# - SERIES STATEMENT
Series statement Layman's Bible commentary
505 0# - FORMATTED CONTENTS NOTE
Formatted contents note vol. I
650 #4 - SUBJECT ADDED ENTRY--TOPICAL TERM
Topical term or geographic name as entry element Bible
General subdivision Commentaries
-- Collected works.
650 #4 - SUBJECT ADDED ENTRY--TOPICAL TERM
Topical term or geographic name as entry element Bible
General subdivision Introductions.
700 1# - ADDED ENTRY--PERSONAL NAME
Personal name Kelly, Balmer H.
700 1# - ADDED ENTRY--PERSONAL NAME
Personal name Metzger, Bruce M.
700 1# - ADDED ENTRY--PERSONAL NAME
Personal name Miller, Donald G.
700 1# - ADDED ENTRY--PERSONAL NAME
Personal name Rhodes, Arnold B.
951 ## - EQUIVALENCE OR CROSS-REFERENCE-GEOGRAPHIC NAME/AREA NAME [OBSOLETE] [CAN/MARC only]
-- 17733
-- BS491.2/B47lb-I
-- 070613111149656
-- 2000-12-21
-- GC
Holdings
Withdrawn status Lost status Damaged status Not for loan Home library Current library Shelving location Date acquired Accession number Shelving control number Total Checkouts Full call number Date last seen Price effective from Koha item type
        BSOP Library BSOP Library GC 12/21/2000 17733 127   BS491.2/B47lb-I 02/23/2013 02/23/2013 Books
BSOP

Biblical Seminary of the Philippines
  All rights Reserved
  © 2024

CONTACT INFORMATION

Biblical Seminary of the Philippines,
  77-B Karuhatan Road, Valenzuela City,
  PHILIPPINES 1441
  Phone: +632 8292-6795 / 8292-6798
  Fax : +632 8292-6675
  Email: library@bsop.edu.ph